Score 0/73 Timer 17:00
0 Plays Today
Year Winner % Correct
1965The Sound of Music
88.3%
1991Beauty and the Beast
87.6%
1999Toy Story 2
86.5%
1994The Lion King
85.6%
1995Babe
82.9%
2016La La Land
80.7%
1993Mrs. Doubtfire
78.4%
1989Driving Miss Daisy
77.5%
2002Chicago
76.9%
2015The Martian
75.3%
2003Lost in Translation
72.6%
1982Tootsie
70.1%
2005Walk the Line
69.9%
2007Sweeney Todd: The Demon Barber of Fleet Street
69.2%
2009The Hangover
69.2%
1967The Graduate
68.3%
2006Dreamgirls
67.6%
1964My Fair Lady
65.4%
1961West Side Story
64.7%
1971Fiddler on the Roof
64.5%
1997As Good as It Gets
62.5%
2011The Artist
61.8%
1956The King and I
61.6%
1959Some Like It Hot
61.3%
2001Moulin Rouge!
60%
1983Yentl
59.1%
1972Cabaret
58.9%
2000Almost Famous
58.7%
2017Lady Bird
56.4%
2018Green Book
56%
1970M*A*S*H
54.2%
1998Shakespeare in Love
53.9%
1962The Music Man
49.9%
1968Oliver!
49.7%
2004Sideways
47.2%
1980Coal Miner's Daughter
44.3%
1984Romancing the Stone
44.3%
Year Winner % Correct
2014The Grand Budapest Hotel
43.4%
1996Evita
43.1%
2012Les Misérables
43.1%
2013American Hustle
41.3%
1960The Apartment
40.7%
1978Heaven Can Wait
37.3%
1955Guys and Dolls
36.9%
1974The Longest Yard
36.2%
2010The Kids Are All Right
34.8%
1973American Graffiti
32.4%
1988Working Girl
31.5%
1976A Star Is Born
30.8%
1990Green Card
30.8%
2019Once Upon a Time in Hollywood
30.8%
1986Hannah and Her Sisters
29.9%
1951An American in Paris
29.2%
1958Gigi
28.5%
1981Arthur
27.6%
2008Vicky Cristina Barcelona
24.5%
1977The Goodbye Girl
24.3%
1963Tom Jones
23.1%
1959Porgy and Bess
22.7%
1992The Player
21.6%
1985Prizzi's Honor
21.1%
1979Breaking Away
18.2%
1954Carmen Jones
16.9%
1958Auntie Mame
15.5%
1975The Sunshine Boys
14.2%
1966The Russians Are Coming, the Russians Are Coming
11.9%
1987Hope and Glory
11.7%
1962That Touch of Mink
10.3%
1957Les Girls
9.9%
1969The Secret of Santa Vittoria
8.1%
1952With a Song in My Heart
7.9%
1961A Majority of One
7.9%
1960Song Without End
7.4%
Remove Ads.
Support Sporcle.
Get the best of Sporcle when you Go Orange. This ad-free experience offers more features, more stats, and more fun while also helping to support Sporcle. Thank you for becoming a member.

You're not logged in!

Compare scores with friends on all Sporcle quizzes.
OR
Log In

Show Comments

Extras

Created Nov 27, 2020ReportNominate
Tags:Golden Globes Quiz, Comedy

Top Quizzes Today


Score Distribution

Your Account Isn't Verified!

In order to create a playlist on Sporcle, you need to verify the email address you used during registration. Go to your Sporcle Settings to finish the process.

Report this User

Report this user for behavior that violates our Community Guidelines.

Details: